000 00825nam a2200277 i 4500
001 12046
003 ES-MaACL
005 20250825062626.0
007 t|
008 970204s1996 sp ||||1| spa d
020 _a84-7882-229-1
080 _a087.5:930.85(37)
080 _a930.85(37):087.5
100 1 _aLillo Redonet, Fernando.
_972298
245 1 3 _aUn salmantino en Segóbriga /
_cFernando Lillo Redonet.
250 _a1ª ed.
260 _aMadrid :
_bEdiciones Clásicas,
_c1996.
300 _aX, 94 p. :
_bil. ;
_c22 cm.
490 1 _aInstrumenta didáctica
504 _aBibliografía.
650 4 _aCivilización romana-
_vLibros infantiles.
_911104
655 7 _aLibros infantiles
_2tgfbne
_9226786
830 0 _aInstrumenta didáctica
_9179239
852 4 _aES-MaACL
_jL-19321
999 _c12046
_d12046